000
00354nam a2200157Ia 4500
008
230524s9999 xx 000 0 und d
082
_a
5
_b
GHO
100
_a
Smarajit Ghosh
245
0
_a
Programming in C
250
_a
1ST
260
_a
NEW DELHI
_b
PHI
_c
2004
300
_a
XI;311
500
_a
Quantity Number: 2
650
_a
Comp-Sc
942
_c
BK
999
_c
36733
_d
36733